Strenth of Materials- (Mechanics of Solids): SI Units (Record no. 14027)
[ view plain ]
| 000 -LEADER | |
|---|---|
| fixed length control field | 00364nam a22001337a 4500 |
| 020 ## - INTERNATIONAL STANDARD BOOK NUMBER | |
| ISBN | 81-219-2594-0 |
| 082 ## - DEWEY DECIMAL CLASSIFICATION NUMBER | |
| Classification number | 624.17 |
| Item number | RAJ/ST |
| 100 ## - MAIN ENTRY--AUTHOR NAME | |
| Personal name | RAJPUT,R K |
| 245 ## - TITLE STATEMENT | |
| Title | Strenth of Materials- (Mechanics of Solids): SI Units |
| 250 ## - EDITION STATEMENT | |
| Edition statement | 5 |
| 260 ## - PUBLICATION, DISTRIBUTION, ETC. (IMPRINT) | |
| Place of publication | New Delhi |
| Name of publisher | S Chand & Company Ltd |
| Year of publication | 2014 |
| 300 ## - PHYSICAL DESCRIPTION | |
| Number of Pages | 1448 |
| Other physical details | Multicolour illustration edition |
| 942 ## - ADDED ENTRY ELEMENTS (KOHA) | |
| Koha item type | Books |
| Withdrawn status | Lost status | Damaged status | Collection code | Home library | Current library | Shelving location | Date acquired | Source of acquisition | Cost, normal purchase price | Full call number | Accession Number | Koha item type |
|---|---|---|---|---|---|---|---|---|---|---|---|---|
| KAUAET | KAUAET | General Stacks | 22/06/2016 | Padma Book house, Palakkkad | 850.00 | 624.17 RAJ/ST | 24757 | Books | ||||
| KAUAET | KAUAET | General Stacks | 22/06/2016 | Padma Book house, Palakkkad | 850.00 | 624.17 RAJ/ST | 24758 | Books |
